000
00248nam a22001097a 4500
008
170118b xxu||||| |||| 00| 0 eng d
020
_a
089521478
041
_a
eng
080
_2
2ND
_a
618.2
245
_a
FIRST RESPONDER
_c
KARREN, K.J
942
_2
udc
_c
BK
999
_c
3109
_d
3109